Datum a čas kvízu
35.5
Celkem bodů
Celkový počet nahraných bodů na tomto kvízu bez doplňovacích otázek.
5.
Pořadí na kvízu
Konečné umístění týmu na tomto kvízu.
Zaznamenané odpovědi
| # | Otázka | Odpověď | Body | Výsledky |
|---|---|---|---|---|
| 1. | Začneme událostmi, které jste... | Martin Hranáč; číšník | 1 | |
| 2. | Rapper P. Diddy byl odsouzen k... | White Parties | 1 | |
| 3. | 32letá česká influencerka se n... | Ornella Koktová; 420 | 0.5 | |
| 4. | Romanticky znějící titulky pln... | Liam Neeson, Pamela Anderson; Bláznivá střela (Naked Gun) | 0.5 | |
| 5. | „A když nevidíš na trávník, st... | Jiří Babica | 1 | |
| 6. | Bývalý český politik Dominik F... | Fanta | 1 | |
| 7. | Před 41 lety policie v Memphis... | Ozzy Osbourne | 1 | |
| 8. | David Limberský byl nejen výra... | točení volantem (řízení); FC Viktoria Plzeň | 1 | |
| 9. | Kontroverzní politik a moderát... | Tadeáš Růžička | 1 | |
| 10. | Princ Harry se stal terčem záj... | nacistickou uniformu | 1 |